000 00920nam a2200241Ia 4500
999 _c55999
_d55999
001 23098
003 GE_BSU
005 20230711162812.0
008 181216s1979||||ge |||||||||||||| ||geo||
040 _cGE_BSU
041 _ageo
080 _a821.111(73)-32 ს-83
100 _aსტეინბეკი, ჯ.
_919245
245 _aმარგალიტი :
_bმოთხრობა /
_cჯ. სტეინბეკი ; თარგმ. ანა რატიანმა ; რედ. ნ. გოგოძე.
264 _aთბილისი :
_bნაკადული,
_c1979.
300 _a78 გვ. ;
_c20 სმ.
541 _h4 ლ.
653 _aმარგალიტი
653 _aმოთხრობა
700 _aრატიანი, ანა
_eთარგმანი
_919246
700 _aგოგოძე, ნ.
_eრედაქტორი
_91262
942 _cBK
_2udc